Public Administration in Theory and Practice. (Record no. 349043)

000 -LEADER
fixed length control field 00419 a2200169 4500
020 ## - INTERNATIONAL STANDARD BOOK NUMBER
International Standard Book Number 9780205781256
022 ## - INTERNATIONAL STANDARD SERIAL NUMBER
International Standard Serial Number 9780205781256
082 ## - DEWEY DECIMAL CLASSIFICATION NUMBER
Classification number 351
090 ## - LOCALLY ASSIGNED LC-TYPE CALL NUMBER (OCLC); LOCAL CALL NUMBER (RLIN)
-- 6692
-- 6692
100 ## - MAIN ENTRY--PERSONAL NAME
Personal name Cox,Raymond W.
245 ## - TITLE STATEMENT
Title Public Administration in Theory and Practice.
Statement of responsibility, etc. Raymond W.Cox
250 ## - EDITION STATEMENT
Edition statement 2nd.
260 ## - PUBLICATION, DISTRIBUTION, ETC.
Place of publication, distribution, etc. New York.
Name of publisher, distributor, etc. Longman.
Date of publication, distribution, etc. 2011.
300 ## - PHYSICAL DESCRIPTION
Extent 310p.
500 ## - GENERAL NOTE
General note Paper cover
942 ## - ADDED ENTRY ELEMENTS (KOHA)
Institution code [OBSOLETE] NBS
Koha item type Book
Call number prefix 351 COX
Holdings
Withdrawn status Lost status Source of classification or shelving scheme Damaged status Not for loan Collection code Permanent Location Current Location Shelving location Date acquired Total Checkouts Full call number Barcode Date last seen Date last checked out Price effective from Koha item type
            Central Library (CL) Central Library (CL) General Stacks 08/28/2013 2 351 COX 2011 NBS8873 10/13/2019 01/05/2019 08/28/2013 Book
© 2023 Central Library, National University of Sciences and Technology. All Rights Reserved.